000 00293nam a2200109Ia 4500
008 220204s9999 xx 000 0 und d
082 _a012.5430556
_bWIN
100 _aWinter, B J
245 0 _aContinuities in the sociology of religion
260 _aNew York
_bHarper & Row
_c1977
942 _cBK
999 _c29176
_d29176